| 000 | 00734nam a22002297a 4500 | ||
|---|---|---|---|
| 005 | 20251108175519.0 | ||
| 008 | 250721s2016 xx 000 0 ara d | ||
| 082 | 1 | 4 | _a320.955/مر |
| 100 | 1 | _aالمر، علي محمد | |
| 245 | 1 | 0 |
_aالثورة الإسلامية الإيرانية و الغرب ( مسيرة احتواء بغطاء نووي ) : _bرواية / |
| 250 | _aط2. | ||
| 264 | 1 |
_aعمان : _bدار المأمون للنشر و التوزيع، _c2016. |
|
| 300 | _a177ص. | ||
| 650 | 1 | 7 | _aالسياسة |
| 650 | 1 | 7 | _aايران |
| 650 | 1 | 7 | _aالعراق |
| 650 | 1 | 7 | _aالغرب |
| 650 | 1 | 7 | _aالاتفاقيات |
| 650 | 1 | 7 | _aالاسلحة النووية |
| 942 |
_2ddc _cBK |
||
| 999 |
_c135889 _d135889 |
||